000 00478nam a2200169Ia 4500
999 _c27508
_d27508
003 OSt
005 20201228115715.0
008 190216s9999||||xx |||||||||||||| ||und||
040 _coclc
082 _a894.812301
_bKOC/S
100 _aKochubava, T V
_96443
245 0 _aSnanam /
_cT V Kochubava
260 _bPoorna Publications,
_a Kozhikode:
_c1996.
300 _a114p
650 _aMalayalam
942 _cBK
_2ddc
_h894.812301
_iKOC/S
_k894.812301
_mKOC/S